| 000 | 00499nmm a2200157Ia 4500 | ||
|---|---|---|---|
| 008 | 251105s9999||||xx |||||||||||||||||und|| | ||
| 020 | _a9781646996018 | ||
| 041 | _aspa | ||
| 100 | _ade expertos 2100, Equipo | ||
| 245 | 0 | _aBusiness English. Manual de inglés de los negocios | |
| 264 |
_a[Madrid, España] : _bDe Vecchi, _c[Fecha de publicación no identificada] |
||
| 300 | _a0 páginas | ||
| 650 | _aTravel & Sports | ||
| 856 | _uhttps://public.digitaliapublishing.com/a/123305 | ||
| 942 | _cCF | ||
| 999 |
_c75316 _d75316 |
||